000 00697nam a2200193 i 4500
001 21665
003 ES-MaACL
005 20250911063528.0
007 t|
008 021127s1969 sp ||||1| spa d
100 1 _aAlbiñana García-Quintana, César,
_d1920-2007
_919384
245 1 3 _aLa contribución general sobre la renta en los años 1953-1954 /
_cCésar Albiñana.
260 _aMadrid :
_b[s.n.],
_c1969.
300 _a543 p. ;
_c25 cm.
500 _aEs separata de: Revista de Economía Política, nº 51, enero-agosto 1969.
650 0 4 _aImpuesto sobre la renta de las personas físicas-
_zEspaña.
_913627
852 _aES-MaACL
_jC-37695
_bR.72138
999 _c21665
_d21665